01881nam a22003737a 4500003000400000005001700004008004100021040002200062082001500084100003700099245005800136260005300194300002000247366000800267490001200275505015800287505004200445505005000487505006800537505009100605505023500696505004300931505005500974650004901029650005101078650004801129650004301177650004101220650004401261700003601305942002601341999001501367952012501382OSt20230608105355.0221006b |||||||| |||| 00| 0 eng d cBiblioteca Lado V a800bG984r 9849aGutierrez, Rafaeledirector aRevista de la Universidad de San Carlos de Guatemala/ aImpreso en Litografía Llerenac2003bGuatemala c21.5x27cma85p. espa a3v2003 tEnsayosaSobre la traducción de algunos títulos Tito y la estrella polar El cuento mas corto del mundo El dialogo del estilo y la imagen Zapping  tLetrasaPoemas Relato Relato Prosa tDebateaEl destino de los vencidos (epilogo)  tArteaLuis Gonzalez Palma: Nupcias con la soledad Obra el arte tComentariosaDame mas tiempo vida La pequeña Burguesia Indigena comercial Guatemala tTrapichea1er, Encuentro de Poetas Nicaragüenses y Costarricenses Epístola a los poetas de la frontera Costa Rica y Nicaragua Poesía del encuentro Conclusiones Cuento: Liudmila Poesía: Carta a Piero della Francesca  tADUANAaLibros Revistas y Suplementos tA la ticaaEl ambiente tico y los mitos tropicales 2Tesauro de Arte & ArquitecturaaENSAYOS9703 2Tesauro de Arte & ArquitecturaaNARRATIVA9702 2Tesauro de Arte & ArquitecturaaDEBATE9702 2Tesauro de Arte & ArquitecturaaPOESIA 2Tesauro de Arte & ArquitecturaaARTE 2Tesauro de Arte & ArquitecturaaCULTURA aNavarreta, Jose Antonioeeditor 2ddcc1h800iG984rn0 c3824d3824 00102ddc3200340708RevistasaLVbLVd2023-06-08h3i003515l0o800 G984rp003515r2023-06-08 00:00:00w2023-06-08y1